| 000 | 00452nab a2200145Ia 4500 | ||
|---|---|---|---|
| 003 | ES-SlBCS | ||
| 005 | 20210601134322.0 | ||
| 008 | 140529s1985 xxu||||| |||| 00| 0 spa d | ||
| 041 | _aspa | ||
| 100 | 1 |
_aPaul, Wolf _9189610 |
|
| 245 | 0 | 0 |
_aLas dos caras de la teoría juríca marxista _c Wolf Paul |
| 650 | 0 | 4 |
_aTeoría Jurídica Marxista _9216732 |
| 773 | 0 |
_tAnales de la Catedra Francisco Suarez _gnº. 25, 1985, págs. 137-160 _wRev1020 |
|
| 942 | _cAR | ||
| 999 |
_c610889 _d610889 |
||